2025 MLB Opening Day Starting Pitchers Quiz - Statistics

General Stats
  • This quiz has been taken 257 times
  • The average score is 18 of 30
Answer Stats
Team Pitcher % Correct
Detroit Tigers Tarik Skubal
85%
Arizona Diamondbacks Zac Gallen
84%
Pittsburgh Pirates Paul Skenes
83%
Philadelphia Phillies Zack Wheeler
80%
Atlanta Braves Chris Sale
79%
Los Angeles Dodgers Yoshinobu Yamamoto
79%
Houston Astros Framber Valdez
76%
Boston Red Sox Garrett Crochet
73%
San Francisco Giants Logan Webb
69%
New York Yankees Carlos Rodón
67%
Milwaukee Brewers Freddy Peralta
67%
Miami Marlins Sandy Alcantara
66%
Cincinnati Reds Hunter Greene
65%
Athletics Luis Severino
65%
Seattle Mariners Logan Gilbert
63%
Chicago Cubs Shota Imanaga
63%
St. Louis Cardinals Sonny Gray
62%
Kansas City Royals Cole Ragans
60%
Texas Rangers Nathan Eovaldi
60%
Washington Nationals MacKenzie Gore
58%
San Diego Padres Michael King
54%
Minnesota Twins Pablo López
54%
New York Mets Clay Holmes
52%
Toronto Blue Jays José Berríos
51%
Baltimore Orioles Zach Eflin
47%
Colorado Rockies Kyle Freeland
46%
Los Angeles Angels Yusei Kikuchi
46%
Tampa Bay Rays Ryan Pepiot
26%
Chicago White Sox Sean Burke
26%
Cleveland Guardians Ben Lively
21%
No matching quizzes found
Score Distribution
Percent of People with Each Score
Percentile by Number Answered
Your Score History
You have not taken this quiz